000 00428nmm a2200145Ia 4500
008 251105s9999||||xx |||||||||||||||||und||
041 _aspa
100 _aVargas Vila, José María
245 0 _aFlor del fango: Parte I y II
264 _a[Bogotá, Colombia] :
_bOveja Negra,
_c1983
300 _a190 páginas
650 _aLatin American narrative
856 _uhttps://public.digitaliapublishing.com/a/47450
942 _cCF
999 _c104162
_d104162